Songs By The Rolling Stones On The 500 Greatest Songs Of All Time List - Statistics

General Stats
  • This quiz has been taken 351 times
  • The average score is 8 of 14
Answer Stats
Number Song % Correct
# 2 "(I Can't Get No) Satisfaction"
93%
# 32 "Sympathy For The Devil"
79%
# 176 "Paint It, Black"
75%
# 495 "Brown Sugar"
73%
# 38 "Gimme Shelter"
68%
# 125 "Jumpin' Jack Flash"
67%
# 343 "Wild Horses"
62%
# 101 "You Can't Always Get What You Want"
58%
# 310 "Ruby Tuesday"
50%
# 498 "Miss You"
46%
# 443 "Beast Of Burden"
42%
# 116 "Honky Tonk Women"
40%
# 301 "Street Fighting Man"
37%
# 433 "Tumbling Dice"
36%
No matching quizzes found
Score Distribution
Percent of People with Each Score
Percentile by Number Answered
Your Score History
You have not taken this quiz